00814nam a2200205Ia 4500008004100000020001500041041001200056082001600068100002100084245007600105250000800181260002500189300000800214650000700222700001500229942000700244999001500251952017100266952017100437221030s9999 xx 000 0 und d a0074635913 aEnglish a105.23bEdm aJ. A. Edminister 0aTheory & Problems of Electric Circuitscby J. A. Edminister, N. Mahmood a3rd bTMHaNew Delhic1999 a468 aEE aN. Mahmood cBK c5695d5695 pBE 1396g175.00l0o105.23 Edmr2024-06-13 00:00:00w2022-10-30yBK003Print4070aMIETLIBbMIETLIBcBL-Academic Block A, FL-1, CUP-36, SH-6, R-6d2000-04-2810HBE pBE 1397g175.00l0o105.23 Edmr2024-06-13 00:00:00w2022-10-30yBK003Print4070aMIETLIBbMIETLIBcBL-Academic Block A, FL-1, CUP-36, SH-6, R-6d2000-04-2810HBE